|
|
|
|
| LEADER |
00000nab a2200000 a 4500 |
| 001 |
vtls000740929 |
| 003 |
SK-MaSNL |
| 005 |
20260302193922.0 |
| 008 |
040806s1997 xo 0 eng |
| 015 |
|
|
|a SNBRJ2000/03-00524
|
| 035 |
|
|
|a CLN000092772
|
| 040 |
|
|
|a SNKBUCL
|b slo
|c SNKBUCL
|e AACR2
|
| 041 |
0 |
|
|a slo
|
| 044 |
|
|
|a xo
|c SK
|
| 080 |
|
|
|a 784.66:785.1 (086.7)
|2 UDC-MRF-SK2
|
| 080 |
|
|
|a 785.1
|2 UDC-MRF-SK2
|
| 100 |
1 |
|
|a Willy, J.
|4 skl
|9 913257
|
| 245 |
1 |
0 |
|a Lady Dracula
|c hudba Willy J. ; text V. Mikuláš
|h zvukový dokument
|
| 300 |
|
|
|a Stereo
|
| 511 |
|
|
|a Účinkuje hudobná skupina Chris Lawal
|
| 650 |
0 |
7 |
|a populárna hudba
|x platne kompaktné
|2 snkbucl
|9 283660
|
| 655 |
|
7 |
|a RZJ
|2 snkbucl
|9 910345
|
| 700 |
1 |
|
|a Mikuláš, V.
|4 tex
|9 913258
|
| 710 |
2 |
|
|a Chris Lawal Co. (hudobná skupina)
|4 uci
|9 32214
|
| 773 |
0 |
|
|w SK01SNK20000347637
|t Top hity 2
|d Bratislava : Musica, 1997
|g kompaktná platňa s. 1, skladba 15
|
| 850 |
|
|
|a Slovenská národná knižnica v Martine
|
| 852 |
|
|
|a SNK
|b KIS3GCP
|
| 999 |
|
|
|c 1446621
|d 1448551
|